<?xml version="1.0" encoding="UTF-8"?>
<record
    xmlns:xsi="http://www.w3.org/2001/XMLSchema-instance"
    xsi:schemaLocation="http://www.loc.gov/MARC21/slim http://www.loc.gov/standards/marcxml/schema/MARC21slim.xsd"
    xmlns="http://www.loc.gov/MARC21/slim">

  <leader>01691nam0a2200349   4500</leader>
  <controlfield tag="001">RU\NLR\BIBL_A\022658071</controlfield>
  <controlfield tag="005">20260203124920.0</controlfield>
  <datafield tag="010" ind1=" " ind2=" ">
    <subfield code="a">978-5-6052404-2-6</subfield>
    <subfield code="9">2000</subfield>
  </datafield>
  <datafield tag="021" ind1=" " ind2=" ">
    <subfield code="a">RU</subfield>
    <subfield code="b">&#x41A;&#x41D;-&#x41F;-25-056825</subfield>
    <subfield code="9">&#x41A;&#x41D;-&#x41F;-25-5479</subfield>
  </datafield>
  <datafield tag="035" ind1=" " ind2=" ">
    <subfield code="a">(NLR Aleph) 022658071</subfield>
  </datafield>
  <datafield tag="090" ind1=" " ind2=" ">
    <subfield code="a">13543693</subfield>
    <subfield code="c">13543693</subfield>
  </datafield>
  <datafield tag="100" ind1=" " ind2=" ">
    <subfield code="a">20251031d2025    u  y0rusy50      ca</subfield>
  </datafield>
  <datafield tag="101" ind1="1" ind2=" ">
    <subfield code="a">rus</subfield>
    <subfield code="c">fre</subfield>
  </datafield>
  <datafield tag="102" ind1=" " ind2=" ">
    <subfield code="a">RU</subfield>
  </datafield>
  <datafield tag="105" ind1=" " ind2=" ">
    <subfield code="a">o   z   000ay</subfield>
  </datafield>
  <datafield tag="181" ind1=" " ind2="0">
    <subfield code="a">i </subfield>
    <subfield code="b"> xxe  </subfield>
  </datafield>
  <datafield tag="182" ind1=" " ind2="0">
    <subfield code="a">n</subfield>
  </datafield>
  <datafield tag="200" ind1="1" ind2=" ">
    <subfield code="a">&#x41F;&#x442;&#x438;&#x447;&#x44C;&#x438; &#x43F;&#x435;&#x432;&#x446;&#x44B;</subfield>
    <subfield code="e">[&#x440;&#x43E;&#x43C;&#x430;&#x43D;]</subfield>
    <subfield code="f">&#x416;&#x430;&#x43D; &#x411;&#x443;&#x43A;&#x43E;, &#x414;&#x436;&#x43E;&#x43D;&#x43D;&#x438; &#x420;&#x430;&#x441;&#x441;</subfield>
    <subfield code="g">&#x43F;&#x435;&#x440;&#x435;&#x432;&#x435;&#x43B;&#x430; &#x441; &#x444;&#x440;&#x430;&#x43D;&#x446;&#x443;&#x437;&#x441;&#x43A;&#x43E;&#x433;&#x43E; &#x41C;&#x430;&#x440;&#x438;&#x44F; &#x41F;&#x448;&#x435;&#x43D;&#x438;&#x447;&#x43D;&#x438;&#x43A;&#x43E;&#x432;&#x430;</subfield>
  </datafield>
  <datafield tag="203" ind1=" " ind2=" ">
    <subfield code="a">&#x422;&#x435;&#x43A;&#x441;&#x442;</subfield>
    <subfield code="b">&#x432;&#x438;&#x437;&#x443;&#x430;&#x43B;&#x44C;&#x43D;&#x44B;&#x439;</subfield>
    <subfield code="c">&#x43D;&#x435;&#x43F;&#x43E;&#x441;&#x440;&#x435;&#x434;&#x441;&#x442;&#x432;&#x435;&#x43D;&#x43D;&#x44B;&#x439;</subfield>
  </datafield>
  <datafield tag="210" ind1=" " ind2=" ">
    <subfield code="a">&#x421;&#x430;&#x43D;&#x43A;&#x442;-&#x41F;&#x435;&#x442;&#x435;&#x440;&#x431;&#x443;&#x440;&#x433;</subfield>
    <subfield code="c">&#x41F;&#x43E;&#x43B;&#x44F;&#x43D;&#x434;&#x440;&#x438;&#x44F; &#x41D;&#x43E;&#x443; &#x42D;&#x439;&#x434;&#x436;, NoAge</subfield>
    <subfield code="d">2025</subfield>
  </datafield>
  <datafield tag="215" ind1=" " ind2=" ">
    <subfield code="a">254, [1] &#x441;.</subfield>
    <subfield code="c">&#x43E;&#x440;&#x43D;&#x430;&#x43C;&#x435;&#x43D;&#x442;&#x44B;</subfield>
    <subfield code="d">20</subfield>
  </datafield>
  <datafield tag="225" ind1="1" ind2=" ">
    <subfield code="a">&#x41F;&#x440;&#x43E;&#x433;&#x440;&#x430;&#x43C;&#x43C;&#x430; &#x441;&#x43E;&#x434;&#x435;&#x439;&#x441;&#x442;&#x432;&#x438;&#x44F; &#x438;&#x437;&#x434;&#x430;&#x442;&#x435;&#x43B;&#x44C;&#x441;&#x43A;&#x43E;&#x43C;&#x443; &#x434;&#x435;&#x43B;&#x443; "&#x41F;&#x443;&#x448;&#x43A;&#x438;&#x43D;" &#x424;&#x440;&#x430;&#x43D;&#x446;&#x443;&#x437;&#x441;&#x43A;&#x43E;&#x433;&#x43E; &#x438;&#x43D;&#x441;&#x442;&#x438;&#x442;&#x443;&#x442;&#x430; &#x43F;&#x440;&#x438; &#x41F;&#x43E;&#x441;&#x43E;&#x43B;&#x44C;&#x441;&#x442;&#x432;&#x435; &#x424;&#x440;&#x430;&#x43D;&#x446;&#x438;&#x438; &#x432; &#x420;&#x43E;&#x441;&#x441;&#x438;&#x438;</subfield>
    <subfield code="d">Programme d'aide &#xE0; la publication "Pouchkine" de l'Institut fran&#xE7;ais pr&#xE8;s l'Ambassade de France en Russie</subfield>
    <subfield code="z">fre</subfield>
  </datafield>
  <datafield tag="225" ind1="1" ind2=" ">
    <subfield code="a">park.NoAge</subfield>
  </datafield>
  <datafield tag="686" ind1="1" ind2=" ">
    <subfield code="a">&#x428;6(4&#x424;&#x440;)67-49(&#x416;.&#x411;){&#x41B;&#x445;1649-100/140(&#x416;.&#x411;)}</subfield>
  </datafield>
  <datafield tag="686" ind1="1" ind2=" ">
    <subfield code="a">&#x428;6(4&#x424;&#x440;)67-49(&#x414;.&#x420;){&#x41B;&#x445;1649-100/140(&#x414;.&#x420;)}</subfield>
  </datafield>
  <datafield tag="700" ind1=" " ind2="1">
    <subfield code="a">&#x411;&#x443;&#x43A;&#x43E;</subfield>
    <subfield code="b">&#x416;.</subfield>
    <subfield code="g">&#x416;&#x430;&#x43D;</subfield>
    <subfield code="3">RU\NLR\AUTH\770289384</subfield>
  </datafield>
  <datafield tag="701" ind1=" " ind2="1">
    <subfield code="a">&#x420;&#x430;&#x441;&#x441;</subfield>
    <subfield code="b">&#x414;.</subfield>
    <subfield code="g">&#x414;&#x436;&#x43E;&#x43D;&#x43D;&#x438;</subfield>
    <subfield code="3">RU\NLR\AUTH\770289385</subfield>
  </datafield>
  <datafield tag="942" ind1=" " ind2=" ">
    <subfield code="c">BOOK</subfield>
  </datafield>
  <datafield tag="980" ind1=" " ind2=" ">
    <subfield code="a">NB</subfield>
  </datafield>
</record>
